BUBT Library Online Catalog

Global risk assessment and strategic planning : (Record no. 7062)

000 -LEADER
fixed length control field 00960nam a22002537a 4500
003 - CONTROL NUMBER IDENTIFIER
control field BUBTL
008 - FIXED-LENGTH DATA ELEMENTS--GENERAL INFORMATION
fixed length control field 230718b ||||| |||| 00| 0 eng d
020 ## - INTERNATIONAL STANDARD BOOK NUMBER
International Standard Book Number 9780727760944
082 ## - DEWEY DECIMAL CLASSIFICATION NUMBER
Classification number 658.2/ M2225g/ 2016
100 ## - MAIN ENTRY--PERSONAL NAME
9 (RLIN) 5364
Personal name McLaughlin, John J.
245 ## - TITLE STATEMENT
Title Global risk assessment and strategic planning :
Remainder of title an introduction and facilitator's guide to the GRASP methodology /
Statement of responsibility, etc. John J. McLaughlin; Ocock Michael; Agi Oldfield; Barry Trebes
250 ## - EDITION STATEMENT
Edition statement 1st ed.
260 ## - PUBLICATION, DISTRIBUTION, ETC. (IMPRINT)
Place of publication, distribution, etc. London :
Name of publisher, distributor, etc. ICE Publishing,
Date of publication, distribution, etc. c2016
300 ## - PHYSICAL DESCRIPTION
Extent x, 150 p. :
Other physical details ill. ;
Dimensions 30 cm.
500 ## - GENERAL NOTE
General note Includes Index
505 ## - FORMATTED CONTENTS NOTE
Formatted contents note Global risk assessment and strategic planning, John J. McLaughlin; Ocock Michael; Agi Oldfield; Barry Trebes, Management
650 #0 - SUBJECT ADDED ENTRY--TOPICAL TERM
9 (RLIN) 39
Topical term or geographic name as entry element Management
700 ## - ADDED ENTRY--PERSONAL NAME
9 (RLIN) 5365
Personal name Michael, Ocock
700 ## - ADDED ENTRY--PERSONAL NAME
9 (RLIN) 5366
Personal name Oldfield, Agi
700 ## - ADDED ENTRY--PERSONAL NAME
9 (RLIN) 5367
Personal name Trebes, Barry
856 ## - ELECTRONIC LOCATION AND ACCESS
Password 0
Logon 0
Link text Download
942 ## - ADDED ENTRY ELEMENTS (KOHA)
Source of classification or shelving scheme
Koha item type Books
Holdings
Withdrawn status Lost status Source of classification or shelving scheme Damaged status Not for loan Collection code Permanent location Current location Shelving location Date acquired Source of acquisition Inventory number Total Checkouts Full call number Barcode Date last seen Copy number Price effective from Koha item type
        Not For Loan Non-fiction Bangladesh University of Business and Technology Library Bangladesh University of Business and Technology Library Management Stacks 07/10/2023 Purchase 29530   658.2/ M2225g/ 2016 BUBTL-200329530 07/18/2023 C-1 07/18/2023 Books

More Information About Library

Library Hours

  • Open: 9.00 am. to 9.00 pm.
  • Only Sunday: 9.00 am. to 6.00 pm.
  • Closed: Holiday

Contact to the University

Bangladesh University of Business and Technology Library

  • Mirpurl-2, 1216.
  • Phone:
  • Fax:
  • E-Mail: admin.library@bubt.edu.bd

Contact to the Library

Contact Person:

Md. Abdul Hakim Shah
Joint Librarian
PABX No:  113
Cell No: 01816332931
E-mail: official: admin.library@bubt.edu.bd
Personal: hakim.shah@bubt.edu.bd


BUBT Library

Copyright © 2021